| 000 | 00729nam a22001817a 4500 | ||
|---|---|---|---|
| 999 |
_c59168 _d59168 |
||
| 003 | Ge_BSU | ||
| 005 | 20221201151835.0 | ||
| 008 | 221201s1984ge xxu||||| |||| 00| 0 geo d | ||
| 041 | _ageo | ||
| 080 | _a821.353.1-1ნ-74 | ||
| 100 |
_aნიშნიანიძე, შოთა, ავტ. _916138 |
||
| 245 |
_aრჩეული : _b [ლექსები] / _cშოთა ნიშნიანიძე ; რედ. ელგუჯა მაღრაძე |
||
| 264 |
_aთბილისი : _bმერანი, _c1984. |
||
| 300 |
_a461 გვ. : _b პორტრ. ; _c20 სმ. |
||
| 653 | _aლექსები | ||
| 700 |
_aმაღრაძე, ე _eრედაქტორი _916289 |
||
| 942 |
_2udc _cBK |
||